Fruits - Statistiques

Statistiques générales
  • Ce quiz a été pris 2 347 fois
  • Le résultat moyen est 8 sur 17
Answers on the Grid
Answers color-coded by a green-red scale on the quiz's grid according to % correct below.
Pomelo
Litchi
Bette
Caramel
Kumquat
Carambole
Grenadine
Grenadille
Grillon
Mitabeau
Paddle
Pastèque
Grillote
vendée
Chigon
Questche
Banane
Tamarin
Mirabelle
Prune
Cacahuète
Fluor
Durian
Xénon
Fruit du dragon
Basket
Topinambour
Tomate
Pignon
Groseille
 
Statistiques - réponses
Réponse % Correct
Litchi
87%
Pomelo
72%
Banane
57%
Pastèque
56%
Prune
56%
Kumquat
53%
Fruit du dragon
51%
Groseille
50%
Tomate
50%
Mirabelle
47%
Durian
37%
Carambole
34%
Questche
27%
Grillote
26%
Grenadille
21%
Cacahuète
17%
Tamarin
14%
Aucun quiz correspondant
Distribution des résultats
% des personnes avec chaque résultat
Percentile par nombre de réponses
Votre historique - résultats
Vous n’avez pas pris ce quiz